000 00448nam a2200181Ia 4500
001 11534
003 IN-NITTTR
005 20251114233108.0
008 251113s9999||||xx |||||||||||||| ||eng||
040 _beng
040 _cIN-NITTTR
041 _aeng
082 _a515 C833 I
100 _aCourant, Richard
245 0 _aIntroduction to calculus and analysis v1 /
_cCourant, Richard, John, Fritz
700 _a John, Fritz
942 _2ddc
_cBK
999 _c14170
_d14170